000 00410nam a22001697a 4500
003 OSt
005 20240430110619.0
008 240430b |||||||| |||| 00| 0 eng d
020 _a9789332549890
040 _cIIMT UNIVERSITY
100 _aHarry R. Lewis
245 _aELEMENTS OF THE THEORY OF COMPUTATION
250 _a2ND EDN
260 _aNew Delhi
_bPearson
_c2024
300 _a361
942 _2ddc
_c02
999 _c58740
_d58740